000 00672nam a2200253Ia 4500
008 180523s9999 xx 000 0 und d
020 _a1-56414-752-5
050 _aMAIN HD 57.7
050 _b.M47 2004
100 _aMerrill, Mike.
245 0 _aDare to lead! :
245 0 _buncommon sense and unconventional wisdom from 50 top CEOs /
245 0 _cMike Merrill.
260 _aNew Jersey :
260 _bCareer Press,
260 _c2004
300 _a223 pages :
300 _c23 cm.
500 _aIncludes index.
650 _aChief executive officers.
650 _aLeadership.
650 _xExecutive ability.
650 _xIndustrial management.
999 _c356898
_d356898